[Event "ICS Rated blitz match"]
[Site "207.99.83.227"]
[Date "1999.03.16"]
[Round "?"]
[White "Hossa"]
[Black "TDChess"]
[Result "0-1"]
[WhiteElo "2541"]
[BlackElo "2615"]
[Annotator "Crafty v16.5"]
[PlyCount "95"]

{annotating for player Hossa using a scoring margin of +0.10 pawns. search
time limit is 10.00} 1. e4 1... d5 2. exd5 Qxd5 3. Nc3 Qe6+ 4. Be2 Qg6 5. Bf3
Nc6 6. d3 Nd4 7. Be3 e5 8. Nd5 ({7:+0.00} 8. Nd5 8... Qd6 9. Nc3 9... Qg6 $10)
({7:+0.30} 8. Bxd4 8... exd4 9. Qe2+ Ne7 10. Nd5 Qd6 11. O-O-O c6 12. Nxe7
12... Bxe7 $10) 8... Qd6 9. Nc3 Nf6 10. Bg5 Qb6 11. Bxf6 ({6:-1.64} 11. Bxf6
11... Qxb2 12. Nd5 Nxc2+ 13. Kf1 Qxa1 14. Nxc7+ Kd7 15. Qxa1 Nxa1 16. Bxe5 $19)
({6:-0.26} 11. Rb1 11... Bb4 12. a3 Bc5 13. Ne4 Nxf3+ 14. Qxf3 Nxe4 15. dxe4
$10) 11... Qxf6 12. Ne4 Qa6 13. c3 Nxf3+ 14. Nxf3 Bg4 15. h3 Bxf3 16. Qxf3 Rd8
17. Qf5 ({8:-0.63} 17. Qf5 17... Qxd3 18. Qxe5+ Be7 19. Ng3 Qd2+ 20. Kf1 Qxb2
21. Re1 Rd7 22. Qxg7 $15) ({8:-0.37} 17. c4 17... Bb4+ 18. Nc3 O-O 19. O-O Qb6
20. Na4 Qa5 21. Nc3 Bxc3 22. bxc3 $15) 17... f6 18. O-O Be7 19. Rfd1 Qb6 20.
Qh5+ g6 21. Qh6 f5 22. Qg7 Rf8 23. Ng3 Qf6 24. Qh6 Rh8 25. Ne2 ({9:-1.05} 25.
Ne2 25... f4 26. g3 Bf8 27. Qh4 Qxh4 28. gxh4 Be7 29. d4 exd4 30. Rxd4 Rxd4 31.
cxd4 $17) ({9:-0.09} 25. Qd2 25... Kd7 26. Re1 Kc8 27. Rad1 h5 28. Qe2 Bd6 29.
Qe3 $10) 25... f4 26. g4 Bf8 27. g5 Qf5 28. Qh4 h5 29. Kh2 Be7 30. Rg1 Qxd3 31.
Rae1 Qc2 32. Nc1 Rd2 33. Kg2 Qf5 34. Kh2 Rxb2 35. a4 Rc2 36. Nb3 Rxc3 37. Nd2
Qc2 38. Ne4 Rf3 39. a5 Bb4 40. Nf6+ Kf7 41. Ref1 Qe2 42. Kh1 Rd8 43. Rc1 Rxf2
44. Qxf2 Qxf2 45. Rgf1 Qe2 46. Nd5 Rxd5 47. Rxc7+ Be7 48. Rfc1 0-1

[Event "ICS Rated standard match"]
[Site "207.99.83.227"]
[Date "1999.03.16"]
[Round "?"]
[White "Tallak"]
[Black "Hossa"]
[Result "0-1"]
[WhiteElo "2232"]
[BlackElo "2175"]
[PlyCount "42"]

1. e4 c5 2. g3 Nc6 3. Bg2 Nf6 4. Ne2 e5 5. O-O Be7 6. c3 d5 7. exd5 Nxd5 8. d4
exd4 9. cxd4 cxd4 10. Nxd4 O-O 11. Nxc6 bxc6 12. Nc3 Be6 13. Nxd5 Bxd5 14. Bxd5
cxd5 15. Be3 Bf6 16. Bd4 Bxd4 17. Qxd4 Re8 18. Rfd1 Rb8 19. b3 Qd7 20. Qxd5
Re1+ 21. Kg2 21... Qxd5+ {Tallak resigns} 0-1

[Event "ICS rated bullet match"]
[Site "207.99.83.227"]
[Date "1999.03.16"]
[Round "?"]
[White "Secret"]
[Black "Hossa"]
[Result "1-0"]
[WhiteElo "2800"]
[BlackElo "2391"]
[Annotator "Crafty v16.5"]
[PlyCount "16"]

{annotating for player Hossa using a scoring margin of +0.10 pawns. search
time limit is 10.00} 1. e4 1... c5 2. Nf3 Nf6 3. e5 Nd5 4. Nc3 Nf4 5. Ne4 d6 ({
8:-0.77} 5... d6 6. d4 Ng6 7. dxc5 Nxe5 8. Nxe5 dxe5 9. Qxd8+ Kxd8 10. Bc4
10... Bf5 $16) ({8:-0.34} 5... Qa5 6. c3 Ng6 7. d4 cxd4 8. b4 Qd5 9. Qxd4 Qxd4
10. cxd4 $14) 6. d4 dxe5 7. Nxe5 Qd5 ({7:-1.66} 7... Qd5 8. Qf3 f5 9. Nxc5 Qxf3
10. Nxf3 Nd5 11. Bc4 $18) ({7:-1.28} 7... Ne6 8. Qf3 Qxd4 9. Bb5+ Nd7 10. Nd6+
exd6 11. Bxd7+ Ke7 12. Nxf7 Qb4+ 13. c3 $16) 8. Qf3 Nh5 ({7:-4.28} 8... Nh5 9.
Bb5+ Nc6 10. Nxc6 Bd7 11. c4 Qf5 12. Qxf5 12... Bxf5 $18) ({7:-2.96} 8... f5 9.
Bb5+ Nd7 10. Nxc5 Nxg2+ 11. Kf1 Qxd4 12. Bxd7+ Bxd7 13. Ncxd7 O-O-O 14. Kxg2
Rxd7 15. Nxd7 15... Qxd7 $18) 1-0

[Event "ICS rated bullet match"]
[Site "207.99.83.227"]
[Date "1999.03.16"]
[Round "?"]
[White "Tim"]
[Black "Hossa"]
[Result "0-1"]
[WhiteElo "2169"]
[BlackElo "2388"]
[PlyCount "36"]

1. d4 Nf6 2. Nc3 d5 3. e4 Nxe4 4. Nxe4 dxe4 5. Bc4 Nc6 6. c3 e5 7. d5 Nb8 8.
Qe2 Bf5 9. f3 Bd6 10. Be3 O-O 11. O-O-O exf3 12. Nxf3 f6 13. h3 Qe7 14. Qf2 a5
15. Qh4 Nd7 16. Rhf1 Nb6 17. Bd3 Bxd3 18. Rxd3 18... e4 {Tim resigns} 0-1

[Event "ICS rated bullet match"]
[Site "207.99.83.227"]
[Date "1999.03.16"]
[Round "?"]
[White "Tim"]
[Black "Hossa"]
[Result "0-1"]
[WhiteElo "2162"]
[BlackElo "2395"]
[PlyCount "56"]

1. d4 Nf6 2. Nc3 d5 3. f3 e6 4. e4 Bb4 5. Bg5 dxe4 6. fxe4 e5 7. d5 O-O 8. Nf3
Bg4 9. Bd3 c6 10. O-O Bxc3 11. bxc3 cxd5 12. exd5 Qb6+ 13. Kh1 Nbd7 14. h3 Bxf3
15. Qxf3 Qd6 16. c4 Rac8 17. Rae1 Qa6 18. Qg3 e4 19. Bxe4 Nxe4 20. Rxe4 f5 21.
Re7 Qxc4 22. Rfe1 Qxd5 23. Bc1 Rf7 24. Bb2 f4 25. Qg4 f3 26. Qxd7 fxg2+ 27. Kg1
Qxd7 28. Rxd7 28... Rxd7 {Tim resigns} 0-1

[Event "ICS rated bullet match"]
[Site "207.99.83.227"]
[Date "1999.03.16"]
[Round "?"]
[White "Tim"]
[Black "Hossa"]
[Result "0-1"]
[WhiteElo "2155"]
[BlackElo "2402"]
[PlyCount "60"]

1. d4 Nf6 2. f3 d5 3. e4 dxe4 4. Nc3 exf3 5. Nxf3 Bg4 6. h3 Bxf3 7. Qxf3 Nc6 8.
Bb5 Qd6 9. d5 a6 10. Bf4 Qb4 11. dxc6 axb5 12. O-O-O Qc4 13. cxb7 Rb8 14. Rd4
Qxd4 15. Bxc7 b4 16. Bxb8 Qc4 17. Na4 Nd7 18. Ba7 Qa6 19. b8=Q+ Nxb8 20. Bxb8
Qxa4 21. Re1 Qa6 22. Rd1 Qc4 23. Qa8 f6 24. Bc7+ Kf7 25. Qc8 Qxa2 26. Qd7 Qa1+
27. Kd2 Qxb2 28. Qd5+ e6 29. Qd7+ Be7 30. Bd6 30... Qc3+ {Tim resigns} 0-1

[Event "ICS rated bullet match"]
[Site "207.99.83.227"]
[Date "1999.03.16"]
[Round "?"]
[White "Hossa"]
[Black "Tim"]
[Result "0-1"]
[WhiteElo "2408"]
[BlackElo "2149"]
[Annotator "Crafty v16.5"]
[PlyCount "132"]

{annotating for player Hossa using a scoring margin of +0.10 pawns. search
time limit is 10.00} 1. e4 1... d5 2. exd5 Nf6 3. Bb5+ Bd7 4. Bc4 b5 5. Bb3 Bg4
6. f3 Bc8 7. a4 b4 8. c4 c6 9. dxc6 Nxc6 10. Ne2 e5 11. f4 e4 12. O-O ({8:-0.11
} 12. O-O 12... Na5 13. Re1 Be6 14. Kf1 Rc8 15. Bc2 15... Nxc4 $10) ({8:+0.08} 
12. Bc2 12... Bc5 13. b3 Bg4 14. Bb2 O-O 15. g3 Bxe2 16. Qxe2 $10) 12... Bc5+
13. Kh1 Bg4 14. Qe1 O-O 15. Bc2 Nd4 16. Nxd4 Qxd4 17. Ra2 Qxc4 18. b3 Qa6 19.
Bd1 ({9:-2.13} 19. Bd1 19... Bxd1 20. Qxd1 Ng4 21. d3 Qxd3 22. Qxd3 exd3 23.
Rf3 Rad8 24. Nd2 $19) ({9:-1.82} 19. f5 19... Nh5 20. f6 Nxf6 21. Bb2 Nh5 22.
Be5 Rae8 23. Bc7 $19) 19... Bxd1 20. Qxd1 Ng4 21. Rc2 ({9:-2.77} 21. Rc2 21...
Nf2+ 22. Rxf2 Bxf2 23. Rc4 Rac8 24. Rxc8 Rxc8 25. Bb2 Qd3 26. Be5 $19) ({
9:-2.22} 21. d4 21... Bxd4 22. Qe2 Qxe2 23. Rxe2 Rac8 24. Bb2 Bxb2 25. Rxb2 f5
26. Nd2 $19) 21... Rac8 22. d3 Qxd3 23. Qxd3 exd3 24. Ra2 Nf2+ 25. Kg1 Ne4+ 26.
Kh1 Bd4 27. g3 Nc3 28. Nxc3 bxc3 29. Rd1 d2 30. Bxd2 cxd2 31. Raxd2 Bc3 32. Rd3
a5 33. Rc1 Bb4 34. Rdd1 Rfd8 35. Rxc8 Rxc8 36. Kg2 Kf8 37. Rd3 Rc3 38. Rxc3
Bxc3 39. g4 Ke7 40. Kf3 Kd6 41. Ke4 Kc5 42. Kd3 Kb4 43. Kc2 f5 44. g5 Bd4 45.
Kd3 Bg1 46. g6 hxg6 47. h4 Bf2 48. Kc2 Bxh4 49. Kd3 Bg3 50. Ke3 Kxb3 51. Kf3
Bxf4 52. Ke2 Kxa4 53. Kf2 g5 54. Ke2 Kb3 55. Kd3 a4 56. Kd4 a3 57. Kd5 a2 58.
Ke6 g6 59. Kf6 a1=Q+ 60. Kxg6 Qe5 61. Kf7 Qd6 62. Kg7 Qe6 63. Kf8 Qd7 64. Kg8
Be5 65. Kf8 Bf6 66. Kg8 Qg7# 0-1

[Event "ICS rated blitz match"]
[Site "207.99.83.227"]
[Date "1999.03.16"]
[Round "?"]
[White "HUR"]
[Black "Hossa"]
[Result "0-1"]
[WhiteElo "2490"]
[BlackElo "2510"]
[PlyCount "82"]

1. g3 e5 2. Bg2 Nc6 3. d3 Nf6 4. Nc3 Bb4 5. Bd2 O-O 6. e4 d6 7. h3 Be6 8. f4
exf4 9. gxf4 Re8 10. Nf3 Bf5 11. O-O Bd7 12. Qe1 Bc5+ 13. Kh1 d5 14. e5 d4 15.
Ne4 Nxe4 16. dxe4 Be6 17. Qg3 Kh8 18. Ne1 Bb4 19. Rd1 Bxd2 20. Rxd2 Bc4 21. Rg1
Re6 22. Nd3 Qe7 23. Bf3 Rg6 24. Qf2 Rxg1+ 25. Qxg1 Bxd3 26. cxd3 Qe6 27. Qg4
Qxa2 28. Rg2 Rg8 29. Qd7 Qb1+ 30. Kh2 Qxd3 31. Qxc7 Qxf3 32. Qxf7 Nxe5 33. Qe6
Qxf4+ 34. Kh1 d3 35. Qf5 Qxf5 36. exf5 Nf3 37. Rg3 d2 38. Rxf3 d1=Q+ 39. Kg2
Rc8 40. Rf2 Rc2 41. Rxc2 41... Qxc2+ {HUR resigns} 0-1

[Event "ICS rated standard match"]
[Site "207.99.83.227"]
[Date "1999.03.16"]
[Round "?"]
[White "Mefisto5000"]
[Black "Hossa"]
[Result "0-1"]
[WhiteElo "1934"]
[BlackElo "2182"]
[PlyCount "78"]

1. d4 Nf6 2. c4 g6 3. Nc3 Bg7 4. e4 d6 5. f3 O-O 6. Be3 e5 7. Nge2 exd4 8. Nxd4
Bd7 9. Qd2 Nc6 10. Be2 Re8 11. O-O Nh5 12. Nxc6 Bxc6 13. g4 Nf6 14. Bg5 Re6 15.
Nd5 Bxd5 16. exd5 Re5 17. f4 Re8 18. Bf3 Qd7 19. Bxf6 Bxf6 20. Rfe1 Qa4 21. b3
Qa3 22. Rad1 Bb2 23. Rxe8+ Rxe8 24. Rb1 Bg7 25. Kg2 a5 26. Kg3 Qb4 27. Qd3 Qc5
28. Rd1 Qa3 29. Qc2 Re3 30. Qd2 Re7 31. Qf2 Qb4 32. Rd2 Bc3 33. Re2 Be1 34.
Rxe7 Bxf2+ 35. Kxf2 Qd2+ 36. Kg3 Qxa2 37. Re3 Kg7 38. Be4 Qd2 39. Rf3 39...
Qe1+ {Mefisto5000 resigns} 0-1

[Event "ICS rated blitz match"]
[Site "207.99.83.227"]
[Date "1999.03.16"]
[Round "?"]
[White "Hossa"]
[Black "JudgeTurpin"]
[Result "0-1"]
[WhiteElo "2525"]
[BlackElo "2426"]
[PlyCount "130"]

1. e4 c6 2. Nc3 d5 3. d4 dxe4 4. Nxe4 Nd7 5. Nf3 Ngf6 6. Ng3 Qc7 7. Be2 e6 8.
O-O Bd6 9. Re1 O-O 10. Bg5 h6 11. Be3 Nb6 12. c4 Ng4 13. Bc1 c5 14. a4 a5 15.
dxc5 Bxc5 16. Ne4 Bb4 17. Bd2 Rd8 18. Qc2 f5 19. Ng3 Qc5 20. Rf1 Bxd2 21. Nxd2
Ne3 22. fxe3 Qxe3+ 23. Rf2 Rxd2 24. Qc1 Qd4 25. Qc3 Qxc3 26. bxc3 Kf8 27. Rff1
Ke7 28. Rfb1 Nd7 29. Bf3 Nc5 30. Rb5 Kd6 31. Nf1 Rd3 32. Be2 Rxc3 33. Rd1+ Kc6
34. Bf3+ Ne4 35. Nd2 Rd3 36. Re5 Kc7 37. Nxe4 Rxd1+ 38. Bxd1 fxe4 39. c5 Bd7
40. Rxe4 Kc6 41. Re5 Rf8 42. Bf3+ Kc7 43. Re4 Rf5 44. Rc4 e5 45. Be4 Rf4 46. g3
Rg4 47. Kf2 Be6 48. Kf3 Rxg3+ 49. Kxg3 Bxc4 50. Kg4 Be6+ 51. Kh5 Bf7+ 52. Kg4
g6 53. Kg3 b6 54. cxb6+ Kxb6 55. Bc2 Kc5 56. Kf3 Kd4 57. h4 g5 58. hxg5 Bh5+
59. Kf2 hxg5 60. Bb3 e4 61. Bc2 e3+ 62. Ke1 Bf3 63. Bf5 g4 64. Kf1 g3 65. Bh3
65... Kd3 {Hossa resigns} 0-1

[Event "ICS Rated blitz match"]
[Site "207.99.83.227"]
[Date "1999.03.16"]
[Round "?"]
[White "Hossa"]
[Black "Speedy"]
[Result "1/2-1/2"]
[WhiteElo "2495"]
[BlackElo "2301"]
[PlyCount "78"]

1. e4 c5 2. Bc4 a6 3. Nc3 b5 4. Bxf7+ Kxf7 5. Qh5+ g6 6. Qd5+ e6 7. Qxa8 Nc6 8.
Nf3 Qc7 9. d3 h6 10. Bf4 d6 11. e5 Bb7 12. exd6 Qb6 13. Ne5+ Nxe5 14. Qxf8+
Kxf8 15. Bxe5 Rh7 16. O-O Rf7 17. Rae1 Qc6 18. Ne4 Qc8 19. b3 Bxe4 20. Rxe4 Nf6
21. Rh4 h5 22. Rf4 Nd5 23. Rxf7+ Kxf7 24. a4 b4 25. h3 Qc6 26. g4 hxg4 27. hxg4
Nb6 28. f4 Nc8 29. d7 Qxd7 30. Rf3 Ne7 31. Rh3 Qd5 32. Rh7+ Ke8 33. Kf2 Nc6 34.
Rh8+ Kd7 35. Rh7+ Kc8 36. Rh8+ Kb7 37. Rh7+ Kc8 38. Rh8+ Kd7 39. Rh7+ 39... Kc8
{Game drawn by repetition} 1/2-1/2

[Event "ICS rated standard match"]
[Site "207.99.83.227"]
[Date "1999.03.16"]
[Round "?"]
[White "Hossa"]
[Black "Mefisto5000"]
[Result "1-0"]
[WhiteElo "2188"]
[BlackElo "1928"]
[PlyCount "33"]

1. e4 d6 2. d4 Nf6 3. Nc3 g6 4. Nf3 Bg7 5. Bb5+ c6 6. Be2 Qc7 7. O-O Bg4 8. e5
Nfd7 9. exd6 exd6 10. Ng5 Be6 11. Bf4 O-O 12. Nce4 Qb6 13. Nxe6 fxe6 14. Bxd6
Re8 15. Ba3 Bxd4 16. Nd6 Rd8 17. Nc4 {Mefisto5000 resigns} 1-0

[Event "ICS rated bullet match"]
[Site "207.99.83.227"]
[Date "1999.03.16"]
[Round "?"]
[White "Hossa"]
[Black "cdw"]
[Result "1-0"]
[WhiteElo "2378"]
[BlackElo "2193"]
[PlyCount "79"]

1. e4 g6 2. Be2 Bg7 3. Nc3 d6 4. Nf3 e5 5. O-O Ne7 6. d4 O-O 7. Bg5 h6 8. Be3
g5 9. dxe5 dxe5 10. Qe1 Ng6 11. Bc5 Re8 12. Rd1 Nd7 13. Be3 c6 14. Rd6 Qc7 15.
Rd3 b6 16. Qd2 Nf4 17. Bxf4 gxf4 18. Rd1 Nf6 19. Rd6 Bg4 20. Nh4 Be6 21. Nf5
Bxf5 22. exf5 Qe7 23. Rxc6 Rad8 24. Rd6 Rxd6 25. Qxd6 Qxd6 26. Rxd6 Rc8 27. Bf3
Ne8 28. Rd7 e4 29. Bxe4 Bxc3 30. bxc3 Rxc3 31. Rxa7 Nf6 32. Bd3 Kg7 33. Ra6 Nd5
34. a4 Nb4 35. f6+ Kxf6 36. Rxb6+ Nc6 37. Be4 Ke5 38. Rxc6 Ra3 39. f3 Rxa4 40.
Rxh6 {cdw resigns} 1-0

[Event "ICS rated bullet match"]
[Site "207.99.83.227"]
[Date "1999.03.16"]
[Round "?"]
[White "Prof-Moriarty"]
[Black "Hossa"]
[Result "0-1"]
[WhiteElo "2213"]
[BlackElo "2386"]
[PlyCount "72"]

1. d4 Nf6 2. Nf3 e6 3. c4 Be7 4. Nc3 O-O 5. Bg5 d5 6. e3 Nbd7 7. Be2 Nb6 8. O-O
Nxc4 9. Bxc4 dxc4 10. Qa4 Qd6 11. Qxc4 Qb6 12. Bxf6 Bxf6 13. Ne4 Bd8 14. b3 Bd7
15. Ne5 Bb5 16. Qc5 Qxc5 17. Nxc5 Bxf1 18. Kxf1 b5 19. Ncd7 Re8 20. Nc6 Be7 21.
Nde5 f6 22. Nd3 Ba3 23. b4 a5 24. Rb1 Bxb4 25. Ncxb4 axb4 26. Rxb4 Rxa2 27.
Rxb5 Rd2 28. Nc5 Ra8 29. g3 Raa2 30. Ne4 Re2 31. Rb8+ Kf7 32. Rc8 Kg6 33. Rxc7
f5 34. Nc3 Rxf2+ 35. Ke1 Rab2 36. Nd1 36... Rbe2# {Prof-Moriarty checkmated}
0-1

[Event "ICS rated blitz match"]
[Site "207.99.83.227"]
[Date "1999.03.16"]
[Round "?"]
[White "Hossa"]
[Black "Speedy"]
[Result "1-0"]
[WhiteElo "2495"]
[BlackElo "2317"]
[PlyCount "25"]

1. e4 c5 2. Bc4 a6 3. Nc3 b5 4. Bxf7+ Kxf7 5. Qh5+ g6 6. Qd5+ e6 7. Qxa8 Nc6 8.
Nf3 Qc7 9. d3 Bb7 10. Bf4 Qb6 11. Ng5+ Kg7 12. Qe8 Nh6 13. Qxd7+ {
Speedy resigns} 1-0

[Event "ICS rated blitz match"]
[Site "207.99.83.227"]
[Date "1999.03.16"]
[Round "?"]
[White "Hossa"]
[Black "Speedy"]
[Result "1-0"]
[WhiteElo "2503"]
[BlackElo "2309"]
[PlyCount "39"]

1. e4 c5 2. Bc4 a6 3. Nc3 b5 4. Bxf7+ Kxf7 5. Qh5+ g6 6. Qd5+ e6 7. Qxa8 Nc6 8.
Nf3 Qc7 9. d3 h6 10. Bf4 d6 11. e5 Bb7 12. exd6 Qb6 13. Ne5+ Nxe5 14. Qxf8+
Kxf8 15. Bxe5 Rh7 16. O-O h5 17. Rae1 Nh6 18. Ne4 Nf7 19. Nf6 Rh6 20. Nd7+ {
Speedy resigns} 1-0

[Event "ICS rated blitz match"]
[Site "207.99.83.227"]
[Date "1999.03.16"]
[Round "?"]
[White "Hossa"]
[Black "Speedy"]
[Result "1-0"]
[WhiteElo "2511"]
[BlackElo "2301"]
[PlyCount "25"]

1. e4 c5 2. Bc4 a6 3. Nc3 b5 4. Bxf7+ Kxf7 5. Qh5+ g6 6. Qd5+ e6 7. Qxa8 Nc6 8.
Nf3 Qc7 9. d3 b4 10. Ne2 d6 11. Ng5+ Ke7 12. O-O h6 13. Nf4 {Speedy resigns}
1-0

[Event "ICS rated blitz match"]
[Site "207.99.83.227"]
[Date "1999.03.16"]
[Round "?"]
[White "Hossa"]
[Black "Speedy"]
[Result "0-1"]
[WhiteElo "2525"]
[BlackElo "2287"]
[Annotator "Crafty v16.5"]
[PlyCount "53"]

{annotating for player Hossa using a scoring margin of +0.10 pawns. search
time limit is 10.00} 1. e4 1... c5 2. Bc4 a6 3. Nc3 b5 4. Bxf7+ Kxf7 5. Qh5+ g6
6. Qd5+ e6 7. Qxa8 Nc6 8. Nf3 Qc7 9. d3 b4 10. Ne2 h6 11. Bf4 d6 12. e5 ({
8:-0.31} 12. e5 12... Bb7 13. exd6 Qb6 14. Qxf8+ Kxf8 15. O-O-O Kf7 16. Rhe1
16... Nf6 $15) ({8:+0.05} 12. Nh4 12... Bb7 13. Qxf8+ Kxf8 14. Nxg6+ Kf7 15.
Nxh8+ Kg7 16. O-O-O Kxh8 17. Rhe1 17... Kg7 $10) 12... d5 13. Nh4 Nge7 14. Bxh6
Bxh6 15. f4 Rh7 16. f5 ({9:-5.42} 16. f5 16... gxf5 17. Nxf5 Nxf5 18. Rf1 Bb7
19. Rxf5+ exf5 20. e6+ Kxe6 21. Qe8+ Kf6 22. Ng3 $19) ({9:-3.25} 16. Nxg6 16...
Nxg6 17. f5 exf5 18. h4 Ngxe5 19. Rf1 Rg7 20. Rf2 $19) 16... gxf5 17. Nxf5 Nxf5
18. Rf1 Be3 19. g4 ({8:-7.19} 19. g4 19... Bb7 20. Qxb7 Qxb7 21. gxf5 Rxh2 22.
f6 22... Nxe5 $19) ({8:-5.67} 19. Ng3 19... Bb7 20. Nxf5 Bd2+ 21. Kxd2 Bxa8 22.
Nd6+ Ke7 23. Rh1 23... Nxe5 $19) 19... Bb7 20. Qxb7 Qxb7 21. gxf5 exf5 22.
Rxf5+ Ke6 23. Rf6+ Kxe5 24. Rf3 d4 25. b3 ({8:-8.42} 25. b3 25... Rxh2 26. Rf1
Qc7 27. a4 bxa3 28. Rxa3 Nb4 29. Kd1 $19) ({8:-7.76} 25. Ng3 25... Ne7 26. Ne4
Rxh2 27. Rf7 Rxc2 28. b3 28... Qc7 $19) 25... Rf7 26. Rg3 ({8:-9.91} 26. Rg3
26... Ne7 27. Rxe3+ dxe3 28. Ng3 Rf2 29. h4 Rxc2 30. Ne2 $19) ({8:-8.71} 26.
Rh3 26... Na5 27. Ng3 Bd2+ 28. Kxd2 Qg2+ 29. Kd1 Qg1+ 30. Kd2 Rf2+ 31. Ne2 Qxa1
32. Rh5+ 32... Kd6 $19) 26... Qe7 27. Rg4 ({8:-11.36} 27. Rg4 27... Qf6 28. Nf4
Bxf4 29. Ke2 Bxh2 30. Re4+ Kd5 31. a3 Qf2+ 32. Kd1 Qf1+ 33. Re1 $19) ({8:-10.14
} 27. Nxd4 27... Kxd4 28. Rg4+ Kc3 29. Re4 Kxc2 30. Rd1 Bf2+ 31. Ke2 Nd4+ 32.
Kf1 Qxe4 33. dxe4 33... Kxd1 $19) 0-1

[Event "ICS rated blitz match"]
[Site "207.99.83.227"]
[Date "1999.03.16"]
[Round "?"]
[White "Sigi"]
[Black "Hossa"]
[Result "0-1"]
[WhiteElo "2275"]
[BlackElo "2499"]
[PlyCount "82"]

1. e4 c5 2. c3 e5 3. d4 exd4 4. cxd4 cxd4 5. Nf3 Bc5 6. Bd3 Ne7 7. O-O O-O 8.
Nbd2 Nbc6 9. Nb3 d6 10. Bf4 f5 11. exf5 Nxf5 12. Re1 Nh4 13. Nxh4 Qxh4 14. Bg3
Qh6 15. Qc2 Bb4 16. Re2 d5 17. a3 Be7 18. Nc5 Bg4 19. f3 Bxc5 20. Qxc5 Be6 21.
Rae1 Bf7 22. Bf5 Qh5 23. Bg4 Qg6 24. Qb5 Nd8 25. Re7 d3 26. Rd1 Qf6 27. Re3 h5
28. Bh3 a6 29. Qb4 Bg6 30. Be5 Qf7 31. Bd4 Nc6 32. Qc5 Nxd4 33. Qxd4 Rae8 34.
Rde1 Rxe3 35. Rxe3 Kh8 36. Be6 Qc7 37. Bxd5 Qc1+ 38. Kf2 d2 39. Bb3 Bc2 40.
Bxc2 Qxc2 41. Re5 41... d1=Q+ {Sigi resigns} 0-1

[Event "ICS rated blitz match"]
[Site "207.99.83.227"]
[Date "1999.03.16"]
[Round "?"]
[White "PWolff"]
[Black "Hossa"]
[Result "1-0"]
[WhiteElo "2513"]
[BlackElo "2506"]
[Annotator "Crafty v16.5"]
[PlyCount "71"]

{annotating for player Hossa using a scoring margin of +0.10 pawns. search
time limit is 10.00} 1. e4 1... d6 2. d4 Nf6 3. Nc3 Nbd7 4. f4 e6 5. Nf3 Be7 6.
Bd3 O-O 7. Qe2 c5 8. Bd2 cxd4 9. Nxd4 Nc5 10. O-O-O Nxd3+ 11. cxd3 e5 12. Nf3
Bg4 13. Kb1 Rc8 14. h3 Bxf3 15. Qxf3 Qb6 16. g4 Qc6 17. g5 Nd7 18. f5 Bd8 19.
Rc1 Qa6 20. h4 Rc6 ({8:-0.82} 20... Rc6 21. f6 Ba5 22. fxg7 Kxg7 23. Rcd1 Nb6
24. Rhg1 Kh8 25. Qf6+ Kg8 26. Rg3 $16) ({8:-0.38} 20... Nc5 21. Rh3 b5 22. f6
b4 23. fxg7 Kxg7 24. Nd5 b3 25. a3 $14) 21. Nd5 Nb6 ({7:-0.78} 21... Nb6 22.
Nb4 Rxc1+ 23. Rxc1 Qb5 24. f6 a5 25. fxg7 Kxg7 26. Nc2 26... Kg8 $16) ({7:-0.56
} 21... Rxc1+ 22. Bxc1 Nb6 23. Nxb6 axb6 24. h5 Bc7 25. g6 Ra8 26. gxh7+ Kxh7
27. a3 $14) 22. Bc3 Nxd5 ({8:-0.40} 22... Nxd5 23. exd5 Rc5 24. d4 exd4 25.
Bxd4 Rc4 26. Qe3 Qa4 27. Bxa7 Rxc1+ 28. Rxc1 28... Qxh4 $14) ({8:-0.26} 22...
Qb5 23. f6 Nxd5 24. exd5 Rc5 25. fxg7 Kxg7 26. a4 Qe8 27. d4 Rc4 28. dxe5 28...
dxe5 $10) 23. exd5 Rb6 ({9:-0.67} 23... Rb6 24. f6 Qa4 25. b3 Rb5 26. fxg7 Kxg7
27. Qf5 Qa6 28. d4 28... f6 $14) ({9:-0.46} 23... Rc5 24. f6 Qb5 25. fxg7 Kxg7
26. a4 Qe8 27. d4 Rc7 28. dxe5 dxe5 29. d6 $14) 24. f6 gxf6 ({8:-1.26} 24...
gxf6 25. gxf6 Kh8 26. Rhg1 Qa4 27. Rg4 Qa3 28. Rg7 28... a5 $16) ({8:-0.67} 
24... Qa4 25. b3 Rb5 26. Qf5 b6 27. fxg7 Kxg7 28. Bb2 Qa5 29. Bc3 $14) 25. gxf6
Kh8 26. Rhg1 Qa4 27. Rg4 e4 28. dxe4 Ra6 29. a3 Re8 ({8:-9.90} 29... Re8 30.
Rcg1 Rf8 31. Rg7 h6 32. Qf5 Qxe4+ 33. Qxe4 33... Bb6 $18) ({8:-6.87} 29... Ra5
30. Rg7 Rxd5 31. exd5 Qxh4 32. Rh1 Bxf6 33. Rxh4 33... Bxg7 $18) 30. Rcg1 Ba5 (
{8:-14.05} 30... Ba5 31. Rg7 Qd1+ 32. Qxd1 h6 33. Bxa5 b6 34. Bb4 Rxe4 35. Bxd6
$18) ({8:-5.08} 30... Qb3 $18) 31. Qg2 Qd1+ 32. Rxd1 Rb6 33. Rg1 Rxb2+ 34. Bxb2
h5 35. Rg8+ Kh7 36. Qg7# 1-0

[Event "ICS rated blitz match"]
[Site "207.99.83.227"]
[Date "1999.03.16"]
[Round "?"]
[White "Hossa"]
[Black "Speedy"]
[Result "0-1"]
[WhiteElo "2490"]
[BlackElo "2317"]
[Annotator "Crafty v16.5"]
[PlyCount "50"]

{annotating for player Hossa using a scoring margin of +0.10 pawns. search
time limit is 10.00} 1. e4 1... c5 2. Bc4 a6 3. Nc3 b5 4. Bxf7+ Kxf7 5. Qh5+ g6
6. Qd5+ e6 7. Qxa8 Nc6 8. Nf3 Qc7 9. d3 b4 10. Ne2 h6 11. Bf4 d6 12. e5 ({
8:-0.31} 12. e5 12... Bb7 13. exd6 Qb6 14. Qxf8+ Kxf8 15. O-O-O Kf7 16. Rhe1
16... Nf6 $15) ({8:+0.05} 12. Nh4 12... Bb7 13. Qxf8+ Kxf8 14. Nxg6+ Kf7 15.
Nxh8+ Kg7 16. O-O-O Kxh8 17. Rhe1 17... Kg7 $10) 12... d5 13. Nh4 Nge7 14. Bxh6
Bxh6 15. f4 Rh7 16. f5 ({9:-5.42} 16. f5 16... gxf5 17. Nxf5 Nxf5 18. Rf1 Bb7
19. Rxf5+ exf5 20. e6+ Kxe6 21. Qe8+ Kf6 22. Ng3 $19) ({9:-3.25} 16. Nxg6 16...
Nxg6 17. f5 exf5 18. h4 Ngxe5 19. Rf1 Rg7 20. Rf2 $19) 16... gxf5 17. Nxf5 exf5
18. c4 ({7:-5.94} 18. c4 18... Qxe5 19. Kf2 Be3+ 20. Kf1 Qxb2 21. Re1 Qxa2 22.
cxd5 $19) ({8:-4.32} 18. e6+ 18... Kxe6 19. h3 Rg7 20. g4 Nd4 21. Nxd4+ cxd4
22. Kd1 fxg4 23. hxg4 23... Be3 $19) 18... Qxe5 19. Kf2 ({7:-9.23} 19. Kf2
19... Be3+ 20. Kf1 Rxh2 21. Rg1 Qxb2 22. Re1 Bxg1 23. Kxg1 $19) ({8:-6.85} 19.
Kf1 19... dxc4 20. dxc4 Qxb2 21. Kf2 Nd4 22. Rae1 Qxa2 23. Rhg1 $19) 19... Be3+
20. Kf1 ({7:-8.89} 20. Kf1 20... Rxh2 21. Rg1 dxc4 22. dxc4 Qxb2 23. Re1 Bxg1
24. Nxg1 $19) ({7:-8.53} 20. Ke1 20... Rxh2 21. Rf1 Qxb2 22. Rd1 Rxg2 23. Nf4
$19) 20... Rxh2 21. Rxh2 ({8:-Mat05} 21. Rxh2 21... Qxh2 22. Re1 Qh1+ 23. Ng1
Qxg1+ 24. Ke2 Qf2+ 25. Kd1 25... Qd2# $19) ({8:-10.50} 21. Rg1 21... Qxb2 22.
Re1 Qxa2 23. cxd5 Qxd5 24. Rb1 Bxg1 25. Nxg1 $19) 21... Qxh2 22. Re1 Qh1+ 23.
Ng1 Qxg1+ 24. Ke2 Qf2+ 25. Kd1 Qd2# 0-1